Кн. 2; Теоретические основы статистической радиотехники

Bibliographic Details
Parent link:Теоретические основы статистической радиотехники/ Б. Р. Левин. Кн. 2.— 2-е изд., перераб..— , 1974-1976
Language:Russian
Published: 1975
Subjects:
Format: Book
KOHA link:https://koha.lib.tpu.ru/cgi-bin/koha/opac-detail.pl?biblionumber=38360

MARC

LEADER 00000nam2a2200000 4500
001 38360
005 20231031005603.0
035 |a (RuTPU)RU\TPU\book\39080 
090 |a 38360 
100 |a 20020304d1975 k y0rusy50 ca 
101 0 |a rus 
102 |a RU 
105 |a y z 001zy 
200 0 |a Кн. 2 
210 |d 1975 
215 |a 391 с. 
320 |a Библиогр.: списки в конце глав. 
320 |a Имен. указ.: 381. 
320 |a Предм. указ.: 382-386. 
461 1 |0 (RuTPU)RU\TPU\book\39069  |t Теоретические основы статистической радиотехники  |f Б. Р. Левин  |v Кн. 2  |e 2-е изд., перераб.  |d 1974-1976 
610 1 |a радиотехника 
610 1 |a статистическая радиотехника 
610 1 |a оптимальный синтез 
610 1 |a сигналы 
610 1 |a обнаружение 
610 1 |a различение 
610 1 |a помехи 
610 1 |a фильтрация 
610 1 |a задачи 
610 1 |a решение 
675 |a 621.396  |v 3 
801 1 |a RU  |b 63413507  |c 20020304  |g PSBO 
801 2 |a RU  |b 63413507  |c 20220113  |g PSBO 
942 |c BK